000 00311nam a2200133Ia 4500
008 190216s9999||||xx |||||||||||||| ||und||
100 _aSeth M L
245 0 _aTheory And Practice Of Economic Planning
250 _aIst ed
260 _bS Chand & Co
_c1977
300 _a732
650 _aEconomics
942 _cBK
999 _c9435
_d9435